000 00672nam a2200229 a 4500
999 _c10050
_d10050
001 10050
003 BD-JhCC
005 20180404193254.0
008 180404r19972014bG |||| |||| 000 0 b d
020 _a984-495-008-2
035 _a(BD-JhCC)10050
040 _aBD-JhCC
_dBD-JhCC
041 _aben
082 _a917
_bIQB 2014
100 _aইকবাল, মুহম্মদ জাফর
245 _aআমেরিকা /
_cমুহম্মদ জাফর ইকবাল
260 _aঢাকা:
_bপার্ল পাবলিকেশন্স ;
_c2014.
300 _a159 p. :
_c21 cm.
651 _aAmerica
942 _2ddc
_cBK